Safe use of work equipment (Record no. 70740)
[ view plain ]
| 000 -LEADER | |
|---|---|
| fixed length control field | 01129cam a2200193 4500 |
| 001 - CONTROL NUMBER | |
| control field | WB3826-12 |
| 008 - FIXED-LENGTH DATA ELEMENTS--GENERAL INFORMATION | |
| fixed length control field | 020716n2002 000 0 eng u |
| 035 ## - SYSTEM CONTROL NUMBER | |
| System control number | (Sirsi) u118856 |
| 245 ## - TITLE STATEMENT | |
| Title | Safe use of work equipment |
| 260 ## - PUBLICATION, DISTRIBUTION, ETC. | |
| Date of publication, distribution, etc. | 2002 |
| 490 ## - SERIES STATEMENT | |
| Series statement | HSE News Release |
| Volume/sequential designation | (E135:02) 11 July 2002, (1) |
| 520 ## - SUMMARY, ETC. | |
| Summary, etc. | The Health and Safety Executive (HSE) has published new guidance aimed at reducing risks of injury from using work equipment. "Using work equipment safely" (INDG229(rev1) ISBN 0 7176 2389 gives practical advice on how to select, use and maintain equipment including machinery and covers all situations where the Health and Safety at Work Act 1974 applies. A single free copy or priced packs of 10 are available from HSE Books, PO Box 1999, Sudbury, Suffolk, CO10 2WA. T 44 (0)1787 881165. F 44 (0) 1787 313995. http://213.38.88.195/coi/coipress.nsf/567e3dc25f61661580256ae8003b4907/1b5801051981e60b80256bf3005860be?OpenDocument |
| 590 ## - LOCAL NOTE (RLIN) | |
| Local note | WB |
| 650 ## - SUBJECT ADDED ENTRY--TOPICAL TERM | |
| Topical term or geographic name entry element | WORK EQUIPMENT |
| 650 ## - SUBJECT ADDED ENTRY--TOPICAL TERM | |
| Topical term or geographic name entry element | HEALTH AND SAFETY AT WORK ETC ACT 1974 |
| 650 ## - SUBJECT ADDED ENTRY--TOPICAL TERM | |
| Topical term or geographic name entry element | ACCIDENTS AT WORK |
| 690 ## - LOCAL SUBJECT ADDED ENTRY--TOPICAL TERM (OCLC, RLIN) | |
| Topical term or geographic name as entry element | Health and safety |
| 9 (RLIN) | 6244 |
| 942 ## - ADDED ENTRY ELEMENTS (KOHA) | |
| Suppress in OPAC | 0 |
| Withdrawn status | Lost status | Source of classification or shelving scheme | Damaged status | Not for loan | Home library | Current library | Shelving location | Date acquired | Total Checkouts | Full call number | Barcode | Date last seen | Copy number | Price effective from | Koha item type |
|---|---|---|---|---|---|---|---|---|---|---|---|---|---|---|---|
| Dewey Decimal Classification | London | London | News article | 16/07/2002 | WB3826-12 | 118856-1001 | 06/08/2019 | 1 | 06/08/2019 | News article |